UM Logo

Learning to use benefit-cost arguments : (Record no. 18088)

MARC details
000 -LEADER
fixed length control field 00971nam a22002297a 4500
003 - CONTROL NUMBER IDENTIFIER
control field OSt
005 - DATE AND TIME OF LATEST TRANSACTION
control field 20260415181506.0
008 - FIXED-LENGTH DATA ELEMENTS--GENERAL INFORMATION
fixed length control field 230703b ||||| |||| 00| 0 eng d
040 ## - CATALOGING SOURCE
Transcribing agency 0
082 ## - DEWEY DECIMAL CLASSIFICATION NUMBER
Classification number DPer 370.15 J826 April-May 2020 v. 112 n. 3-4
100 ## - MAIN ENTRY--PERSONAL NAME
Personal name Nussbaum, E. Michael.
Relator term author.
9 (RLIN) 48416
245 ## - TITLE STATEMENT
Title Learning to use benefit-cost arguments :
Remainder of title a microgenetic study of argument-counterargument integration in an undergraduate seminar course /
Statement of responsibility, etc. E. Michael Nussbaum and LeAnn G. Putney.
260 ## - PUBLICATION, DISTRIBUTION, ETC. (IMPRINT)
Place of publication, distribution, etc. Washington ;
Name of publisher, distributor, etc. American Psychological Association ,
Date of publication, distribution, etc. April 2020.
300 ## - PHYSICAL DESCRIPTION
Extent Volume 112, pages 444-465 :
Other physical details illustration ;
Dimensions 28 cm.
500 ## - GENERAL NOTE
General note Journal of Educational Psychology, vol. 112, no. 3, pages 444-46, April 2020.
650 ## - SUBJECT ADDED ENTRY--TOPICAL TERM
Topical term or geographic name as entry element Psychology.
9 (RLIN) 48417
650 ## - SUBJECT ADDED ENTRY--TOPICAL TERM
Topical term or geographic name as entry element Reasoning.
9 (RLIN) 48418
650 ## - SUBJECT ADDED ENTRY--TOPICAL TERM
Topical term or geographic name as entry element Critical thinking.
9 (RLIN) 48419
700 ## - ADDED ENTRY--PERSONAL NAME
Personal name Nussbaum, E. Michael.
Relator term author.
9 (RLIN) 48416
700 ## - ADDED ENTRY--PERSONAL NAME
Personal name Putney, LeAnn G.
Relator term author.
9 (RLIN) 48420
942 ## - ADDED ENTRY ELEMENTS (KOHA)
Source of classification or shelving scheme Dewey Decimal Classification
Koha item type Periodicals
Holdings
Withdrawn status Lost status Source of classification or shelving scheme Damaged status Not for loan Collection code Home library Current library Date acquired Total Checkouts Full call number Date last seen Price effective from Koha item type Public note
    Dewey Decimal Classification     Periodicals UM Digos College - LIC UM Digos College - LIC 07/03/2023   DPer 370.15 J826 April-May 2020 v. 112 n. 3-4 07/03/2023 07/03/2023 Periodicals Periodical article